[Event "Antwerp op"]
[Site "Antwerp"]
[Date "1995.??.??"]
[Round "4"]
[White "Quist, Johan"]
[Black "Gurevich, Mikhail"]
[Result "0-1"]
[WhiteElo "2300"]
[BlackElo "2585"]

1.Nf3 d5 2.d4 Nf6 3.c4 e6 4.Nc3 c6 5.cxd5 exd5 6.Qc2 Be7 7.Bg5 Bg4 8.Ne5 Bh5
9.e3 Nbd7 10.Nxd7 Qxd7 11.Bxf6 Bxf6 12.Be2 Bg6 13.Bd3 Be7 14.O-O Bxd3 15.Qxd3 O-O
16.Rad1 Rfe8 17.Rfe1 Rad8 18.e4 dxe4 19.Rxe4 Bf6 20.Rxe8+ Qxe8 21.Qe3 Qe6
22.g3 g6 23.b3 Bg7 24.Ne2 a6 25.Nf4 Qd6 26.Ne2 c5 27.d5 Bd4 28.Nxd4 Qxd5
29.h4 cxd4 30.Qd3 Kg7 31.Rd2 Kf6 32.Rd1 Rd7 33.Rd2 Qf5 34.Qc4 d3 35.Kg2 h5
36.Kh2 Kg7 37.Qc3+ Qf6 38.Qc4 Rd4 39.Qc1 Qe5 40.Kg2 b5 41.Qd1 Qe4+ 42.Kh2 Kh7
43.Qh1 Qxh1+ 44.Kxh1 g5 45.hxg5 Kg6 46.Kg2 Kxg5 47.Rd1 d2 48.f3 Rd8 49.Kh3 Rd3
50.a4 Kf5 51.axb5 axb5 52.Kg2 Ke5  0-1

[Event "Antwerp op"]
[Site "Antwerp"]
[Date "1995.??.??"]
[Round "8"]
[White "Gurevich, Mikhail"]
[Black "Van de Mortel, Jan"]
[Result "1-0"]
[WhiteElo "2585"]
[BlackElo "2340"]

1.d4 Nf6 2.c4 g6 3.Nc3 Bg7 4.Bg5 O-O 5.e3 d6 6.Be2 Nbd7 7.Qc2 c6 8.Nf3 h6
9.Bh4 e5 10.Rd1 Qe7 11.b4 g5 12.Bg3 Nh5 13.c5 Nxg3 14.cxd6 Qxd6 15.hxg3 e4
16.Nxe4 Qxb4+ 17.Nfd2 Re8 18.g4 Rxe4 19.Qxe4 Nf6 20.Qc2 Bxg4 21.Bxg4 Nxg4
22.Rb1 Qe7 23.Qf5 Nf6 24.O-O Rd8 25.Rfc1 Nd5 26.Ne4 Re8 27.Ng3 a5 28.Rc2 Nb4
29.Rc4 b5 30.Rc5 Qe6 31.Qxe6 Rxe6 32.a4 Bf8 33.Rf5 c5 34.dxc5 bxa4 35.Ra1 Bg7
36.Rxa4 Nc6 37.Rd5 Bc3 38.Rc4 Bb4 39.Nf5 Kf8 40.Nd4 Rg6 41.Rd6 Rxd6 42.cxd6 Nxd4
43.Rc8+ Kg7 44.d7 Ne6 45.Re8  1-0

[Event "Antwerp op"]
[Site "Antwerp"]
[Date "1995.??.??"]
[Round "9"]
[White "Claesen, Pieter"]
[Black "Gurevich, Mikhail"]
[Result "0-1"]
[WhiteElo "2390"]
[BlackElo "2585"]

1.c4 e6 2.g3 d5 3.Bg2 g6 4.Nf3 Bg7 5.O-O Ne7 6.cxd5 exd5 7.d4 Nbc6 8.h3 Be6
9.Nc3 h6 10.b3 Qd7 11.Kh2 g5 12.e3 g4 13.Ng1 gxh3 14.Bxh3 h5 15.Ba3 O-O-O
16.Na4 b6 17.Bxe7 Nxe7 18.Rc1 Kb7 19.Qe2 Bg4 20.f3 Bxh3 21.Nxh3 Nf5 22.Qd3 Bf8
23.Nf4 Re8 24.Rfe1 h4 25.g4 Nxe3 26.Kh3 Bh6 27.Rc5 Bxf4 28.Ra5 Kb8 29.Qa6 c6
30.Nxb6 Qb7  0-1

[Event "Bonn GSK-2"]
[Site "Bonn"]
[Date "1995.??.??"]
[Round "5"]
[White "Proehl, Holger"]
[Black "Gurevich, Mikhail"]
[Result "1/2-1/2"]
[WhiteElo "2365"]
[BlackElo "2585"]

1.e4 d6 2.d4 Nf6 3.Bd3 e5 4.c3 d5 5.dxe5 Nxe4 6.Nd2 Nc5 7.Bc2 Nc6 8.b4 Ne6
9.Ndf3 g6 10.Ne2 Bg7 11.Ba4 Bd7 12.Bb3 Nxe5 13.Nxe5 Bxe5 14.f4 Bg7 15.f5 gxf5
16.O-O c6 17.Rxf5 Nc5 18.Bg5 Qc8 19.Rf4 Nxb3 20.axb3 O-O 21.Bf6 Bxf6 22.Rxf6 Qe8
23.Qd2 Qe5 24.Rf3 Rae8 25.Nd4 a6 26.Raf1 f5 27.Qg5+ Kh8 28.Qh5 Re7 29.h3 Rg7
30.R1f2 Qe1+ 31.Rf1 Qd2 32.R1f2 Qg5 33.Qxg5 Rxg5 34.Kf1 Kg7 35.g4 Re8 36.gxf5 Re4
37.Ne6+ Bxe6 38.fxe6 Rxe6 39.Rf7+ Kg6 40.Rxb7 Rg3 41.Rg2 Rxg2 42.Kxg2 Re2+
43.Kf3 Rc2 44.c4 Rc3+ 45.Kg2 Rxb3 46.Rb6 d4 47.Rxa6 Kf5 48.Rxc6 Rxb4 49.Rh6 Ke4
50.Rxh7 d3 51.Rd7 Ke3 52.Re7+ Kd2 53.Rd7 Kc2 54.Kf3 Rb1 55.h4 d2 56.h5 d1=Q+
57.Rxd1 Rxd1 58.Kf4 Kd3 59.Kf5 Kxc4 60.h6 Rd6 61.Kg5 Rxh6 62.Kxh6  1/2-1/2

[Event "Brugge op"]
[Site "Brugge"]
[Date "1995.??.??"]
[Round "?"]
[White "Sepp, Olav"]
[Black "Gurevich, Mikhail"]
[Result "0-1"]
[WhiteElo "2440"]
[BlackElo "2585"]

1.e4 d6 2.d4 g6 3.Nc3 c6 4.f4 d5 5.e5 h5 6.Nf3 Nh6 7.Be3 Qb6 8.Na4 Qa5+ 9.c3 Qc7
10.Be2 Bg4 11.O-O Nf5 12.Bf2 e6 13.b4 Nd7 14.Nc5 Nb6 15.Rb1 Bxf3 16.Bxf3 Nc4
17.Qe2 b6 18.Nd3 a5 19.g3 Be7 20.h3 axb4 21.Nxb4 Kd7 22.g4 hxg4 23.hxg4 Nh4
24.Bxh4 Rxh4 25.Bg2 Ra3 26.Rb3 Qa7 27.f5 gxf5 28.gxf5 Qa8 29.fxe6+ fxe6 30.Rf7 Qg8
31.Rxa3 Nxa3 32.Qf2 Rg4 33.Rf3 Nc4 34.Nd3 Qg6 35.Kh2 Qh6+ 36.Bh3 Nd2 37.Rf4 Ne4
38.Qf1 Rg5 39.Rf3 Nd2 40.Qe2 Nxf3+ 41.Qxf3 Rg7 42.Nf2 Bg5 43.Ng4 Bf4+ 44.Kg2 Qg5
45.c4 Kc7 46.cxd5 exd5 47.Qa3 Kb7 48.Qf8 Be3 49.e6 Bxd4 50.Kf3 Bc5 51.Qh8 Qf5+  0-1

[Event "Brussels op"]
[Site "Brussels"]
[Date "1995.??.??"]
[Round "?"]
[White "Gurevich, Mikhail"]
[Black "Benaissa, M."]
[Result "1-0"]
[WhiteElo "2605"]
[BlackElo "2185"]

1.d4 Nf6 2.c4 e6 3.Nc3 d5 4.Bf4 c6 5.e3 Nbd7 6.Nf3 Be7 7.Be2 dxc4 8.Bxc4 b5
9.Bd3 a6 10.e4 Bb7 11.e5 Nh5 12.Be3 c5 13.Be4 Bxe4 14.Nxe4 cxd4 15.Nxd4 g6
16.Nc6 Qc7 17.Rc1 Nxe5 18.Nxe7 Qxe7 19.Bc5 Rd8 20.Bxe7 Rxd1+ 21.Kxd1 Kxe7
22.Rc7+ Kf8 23.Rc8+ Kg7 24.Rxh8 Kxh8 25.g3 Kg7 26.Ke2 Nf6 27.Nxf6 Kxf6 28.Rc1 h5
29.Rc7  1-0

[Event "Brussels op"]
[Site "Brussels"]
[Date "1995.??.??"]
[Round "?"]
[White "Dutreeuw, Marc"]
[Black "Gurevich, Mikhail"]
[Result "0-1"]
[WhiteElo "2380"]
[BlackElo "2605"]

1.e4 e6 2.d4 d5 3.Nc3 Nf6 4.e5 Nfd7 5.f4 c5 6.Nf3 Nc6 7.Be3 cxd4 8.Nxd4 Bc5
9.Qd2 O-O 10.O-O-O a6 11.h4 Nxd4 12.Bxd4 b5 13.Rh3 Bb7 14.Rg3 b4 15.Na4 Bxd4
16.Qxd4 Qa5 17.b3 Bc6 18.Nb2 Nc5 19.Bd3 Rfd8 20.f5 exf5 21.Bxf5 Ne4 22.Bxe4 dxe4
23.Nc4 Rxd4 24.Nxa5 Rxd1+ 25.Kxd1 Rd8+ 26.Ke1 Bd5 27.c3 bxc3 28.Rxc3 f5 29.exf6 gxf6
30.Nc6 Rd7 31.Rc5 Be6 32.Nb8 Rd8 33.Nc6 Rd6 34.Ne7+ Kf7 35.Nf5 Rd3 36.Ke2 h5
37.Ne3 Kg6 38.Rc2 Rd6 39.Kf2 a5 40.Kg3 a4 41.bxa4 Ra6 42.a3 Rxa4 43.Rc3 Kf7
44.Kf4 Ke7  0-1

[Event "Gent op"]
[Site "Gent"]
[Date "1995.??.??"]
[Round "4"]
[White "Vandevoort, Pascal"]
[Black "Gurevich, Mikhail"]
[Result "0-1"]
[WhiteElo "2305"]
[BlackElo "2605"]

1.Nf3 d6 2.g3 g6 3.Bg2 Bg7 4.O-O f5 5.d3 Nf6 6.c4 O-O 7.Nc3 Nc6 8.Rb1 a5
9.a3 Nh5 10.Bd2 f4 11.b4 axb4 12.axb4 Bg4 13.b5 Nd4 14.e3 fxe3 15.fxe3 Nxf3+
16.Bxf3 Bxf3 17.Rxf3 Qd7 18.Qe2 c6 19.Rxf8+ Rxf8 20.Qg2 Nf6 21.bxc6 bxc6
22.Rb6 Qf5 23.d4 Ng4 24.Rxc6 Qd3  0-1

[Event "Gent op"]
[Site "Gent"]
[Date "1995.??.??"]
[Round "5"]
[White "Gurevich, Mikhail"]
[Black "Geurink, Jasper"]
[Result "1-0"]
[WhiteElo "2605"]
[BlackElo "2290"]

1.d4 Nf6 2.c4 g6 3.Nc3 Bg7 4.e4 d6 5.Nge2 O-O 6.Ng3 e5 7.d5 a5 8.Be2 Na6
9.h4 h5 10.Bg5 Qe8 11.Qd2 Bd7 12.Bh6 Qd8 13.O-O-O Nc5 14.Kb1 a4 15.Rde1 c6
16.Bg5 cxd5 17.cxd5 Qa5 18.Bxf6 Bxf6 19.Bxh5 Nb3 20.Qe3 Nd4 21.a3 Ra6 22.Bd1 Rb6
23.Nf1 Rc8 24.Na2 Rb5 25.Qd2 Qa7 26.h5 Be8 27.Rh3 Rbc5 28.hxg6 fxg6 29.Ne3 Bg7
30.Reh1 Qb6 31.Ng4 Qc7 32.Rc3 Qe7 33.Qe3 b5 34.Qh3 Qg5 35.Rxc5 Rxc5 36.Qe3 Qe7
37.g3 Bd7 38.Nc3 Qd8 39.f4 exf4 40.gxf4 Rc4 41.Qh3 b4 42.Qh7+ Kf8 43.Nh6 Qf6
44.e5 dxe5 45.fxe5 Bf5+ 46.Ka1 Qxe5 47.Qg8+ Ke7 48.Qf7+ Kd8 49.Nxf5 Nxf5
50.Bxa4 Qe7 51.Qg8+ Qf8 52.Qe6 Qe7 53.Rh8+ Bxh8 54.Qg8+ Kc7 55.d6+ Kxd6 56.Qd5+ Kc7
57.Qxc4+ Kb8 58.Qg8+ Kb7 59.Qxh8 Qe1+ 60.Nb1 bxa3 61.bxa3 Qe4 62.Qb2+ Ka7
63.Bc2 Qd5 64.Nc3 Qh1+ 65.Ka2 Nd4 66.Be4 Qh7 67.Qf2  1-0

[Event "Gent op"]
[Site "Gent"]
[Date "1995.??.??"]
[Round "6"]
[White "Visser, Yge"]
[Black "Gurevich, Mikhail"]
[Result "0-1"]
[WhiteElo "2370"]
[BlackElo "2605"]

1.e4 e6 2.d3 c5 3.g3 Nc6 4.Bg2 g6 5.Nf3 Bg7 6.O-O Nge7 7.Re1 d6 8.c3 e5 9.Na3 O-O
10.Be3 b6 11.Qd2 f5 12.Bh6 f4 13.Bxg7 Kxg7 14.Nc2 Bg4 15.Rf1 Qd7 16.d4 Rad8
17.d5 Na5 18.Nce1 Nc4 19.Qe2 b5 20.h3 Bxf3 21.Nxf3 h6 22.a4 a6 23.axb5 axb5
24.b3 Nb6 25.Ra6 Rb8 26.Rfa1 fxg3 27.fxg3 c4 28.bxc4 Nxc4 29.Nd2 Nxd2 30.Qxd2 Rfc8
31.Qf2 Rc7 32.Ra7 Ng8 33.R1a6 Nf6 34.Rxc7 Qxc7 35.Rc6 Qe7 36.Rb6 Rc8 37.Qb2  0-1

[Event "Gent op"]
[Site "Gent"]
[Date "1995.??.??"]
[Round "7"]
[White "Gurevich, Mikhail"]
[Black "Bolzoni, Victor Angel"]
[Result "1-0"]
[WhiteElo "2605"]
[BlackElo "2305"]

1.c4 Nf6 2.Nc3 d5 3.cxd5 Nxd5 4.g3 g6 5.Bg2 Nb6 6.d3 Bg7 7.Nf3 Nc6 8.Be3 Nd5
9.Bd2 O-O 10.O-O Re8 11.Qa4 e5 12.Nxd5 Qxd5 13.Ng5 Qd7 14.Bxc6 bxc6 15.Rac1 Rb8
16.Rc2 a6 17.b3 Rb5 18.Rfc1 e4 19.Rxc6 Rxg5 20.Rxc7 Qxa4 21.bxa4 Rd5 22.Rxc8 Rdd8
23.Rxd8 Rxd8 24.Ba5  1-0

[Event "BL2-W9495"]
[Site "Germany"]
[Date "1995.??.??"]
[Round "?"]
[White "Emms, John M"]
[Black "Gurevich, Mikhail"]
[Result "0-1"]
[WhiteElo "2535"]
[BlackElo "2620"]

1.e4 d6 2.d4 Nf6 3.Nc3 g6 4.Nf3 Bg7 5.Be3 O-O 6.Qd2 a6 7.Bh6 b5 8.Bxg7 Kxg7
9.Bd3 Bb7 10.e5 Nfd7 11.Be4 Bxe4 12.Nxe4 d5 13.Ng3 e6 14.a4 bxa4 15.Rxa4 Nb6
16.Ra1 N8d7 17.O-O c5 18.b3 cxd4 19.Qxd4 Qc7 20.Ra2 Nc8 21.Qe3 h6 22.Re1 Ne7
23.Nd4 Nc6 24.Nxc6 Qxc6 25.Ne2 Rfc8 26.Rea1 Qc7 27.f4 Qb7 28.h4 h5 29.Nd4 Nc5
30.Rd1 Ne4 31.Rd3 a5 32.Ra1 Ra6 33.g3 Rca8 34.Rf1 a4 35.bxa4 Rxa4 36.Kg2 Qc7
37.Kh2 Ra1 38.Rdd1 Rxd1 39.Rxd1 Ra2 40.Rg1 Qc4 41.Rg2 Qc5 42.Qg1 Qc3 43.Nb5 Qb4
44.Nd4 Ra3 45.Nb3 Qc3 46.Qd1 Kg8 47.Qe2 Kf8 48.Qd1 Kg7 49.Qe2 Ra2 50.Qd3 Qc7
51.Qd1 Ra4 52.Qd3 Rc4 53.Qe2 Rc3 54.Qd1 Qe7 55.Qe1 Nxg3 56.Rxg3 Qxh4+ 57.Kg2 Rxc2+
58.Kf3 Qh2 59.Nd4 Ra2 60.f5 Ra3+  0-1

[Event "Linares zt"]
[Site "Linares"]
[Date "1995.??.??"]
[Round "7"]
[White "Sadler, Matthew"]
[Black "Gurevich, Mikhail"]
[Result "1/2-1/2"]
[WhiteElo "2575"]
[BlackElo "2585"]

1.d4 Nf6 2.c4 e6 3.Nc3 Bb4 4.Qc2 O-O 5.a3 Bxc3+ 6.Qxc3 b6 7.Bg5 Bb7 8.f3 h6
9.Bh4 d5 10.e3 Re8 11.cxd5 exd5 12.O-O-O c5 13.dxc5 Nbd7 14.Bb5 Rc8 15.Kb1 Rxc5
16.Bxf6 Nxf6 17.Qd3 Re5 18.Ne2 Qe7 19.Nd4 g6 20.Rhe1 h5 21.h4 Qd6 22.Qe2 Re7
23.Qf2 Qe5 24.Re2 Kg7 25.Rde1 Rc8 26.Rc2 Rc5 27.Rec1 Rec7 28.Nb3 Rxc2 29.Rxc2 Rxc2
30.Kxc2 Bc8 31.Nd4 Bd7 32.Bf1 Kg8 33.b3 Ne8 34.Bd3 Nc7 35.Kb2 Ne6 36.Bc2 Kf8
37.Bd3 Qf6 38.Kc3 Qe7 39.Kb2 Qf6 40.Kc3 Qe5 41.Bc2  1/2-1/2

[Event "Linares zt"]
[Site "Linares"]
[Date "1995.??.??"]
[Round "11"]
[White "Van der Wiel, John TH"]
[Black "Gurevich, Mikhail"]
[Result "1-0"]
[WhiteElo "2545"]
[BlackElo "2585"]

1.e4 d6 2.d4 g6 3.Nc3 c6 4.Be3 Nf6 5.Qd2 Nbd7 6.f3 b5 7.a4 b4 8.Nce2 a5 9.g4 Nb6
10.b3 h5 11.g5 Nfd7 12.f4 Bb7 13.Bg2 c5 14.Nh3 Bg7 15.O-O Ba6 16.Rae1 Qc7
17.Rf2 Bxe2 18.Rexe2 cxd4 19.Bxd4 Bxd4 20.Qxd4 e5 21.Qd3 Nc5 22.Qb5+ Nbd7
23.Rd2 O-O 24.f5 Kg7 25.Kh1 Rad8 26.Qe2 Nb8 27.Qd1 Nc6 28.Rd5 Nd4 29.Rxd4 exd4
30.Qxd4+ Kh7 31.Nf4 Qe7 32.Qd2 Qxg5 33.Nxg6 Qxd2 34.Nxf8+ Kg7 35.Rxd2 Kxf8
36.h4 Ke7 37.Rd5 f6 38.Bf3 Rc8 39.Kg2 Nd7 40.Bd1 Nc5 41.Kf1 Kd7 42.Bf3 Re8
43.Rd4 Kc7 44.Kf2 Nd7 45.Rd5 Nc5 46.Ke3 Rg8 47.Rd2 Rg1 48.Rd1 Rg8 49.Rh1 d5
50.exd5 Rh8 51.d6+ Kxd6 52.Rd1+ Ke7 53.Rd5 Rc8 54.Bxh5 Nd7 55.Bd1 Rc3+ 56.Kf4 Rh3
57.h5 Ne5 58.Rxa5 Rh1 59.Ra7+ Kd6 60.Ra6+ Ke7 61.Be2  1-0

[Event "BEL-chT9697"]
[Site "BEL"]
[Date "1996.??.??"]
[Round "?"]
[White "Gurevich, Mikhail"]
[Black "Claesen, Pieter"]
[Result "1/2-1/2"]
[WhiteElo "2605"]
[BlackElo "2410"]

1.d4 Nf6 2.c4 c5 3.d5 b5 4.cxb5 a6 5.f3 axb5 6.e4 Qa5+ 7.b4 Qxb4+ 8.Bd2 Qa4
9.Qc1 b4 10.Qxc5 Na6 11.Qd4 e6 12.d6 Qc6 13.e5 Nd5 14.f4 b3 15.Na3 Nc5 16.Bb5 Qb6
17.axb3 Nxb3 18.Qxb6 Nxb6 19.Ra2 Bb7 20.Ne2 g5 21.f5 Nxd2 22.Kxd2 exf5 23.Ng3 Bxg2
24.Rha1 Bg7 25.Nxf5 Bxe5 26.Re1 f6 27.Ne3 Bf3 28.Bc4 Kf8 29.Bb3 Bxd6 30.Rf1 Rxa3
31.Rxa3 Bxa3 32.Rxf3 Ke7 33.Nf5+ Kd8 34.Nh6 Rf8 35.Nf7+ Kc7 36.Rxf6 d5 37.Rf5 Bc5
38.Kd3 g4 39.Bxd5 Nxd5 40.Rxd5 Bg1 41.Nh6 Bxh2  1/2-1/2

[Event "Bonn GSK-3"]
[Site "Bonn"]
[Date "1996.??.??"]
[Round "?"]
[White "Gurevich, Mikhail"]
[Black "Seul, Georg"]
[Result "0-1"]
[WhiteElo "2605"]
[BlackElo "2445"]

1.d4 d6 2.Nf3 Bg4 3.c4 Nd7 4.Qb3 Rb8 5.Be3 c6 6.Nbd2 Qa5 7.h3 Bxf3 8.exf3 Ngf6
9.Be2 e6 10.O-O Be7 11.Rfd1 O-O 12.Rac1 Qc7 13.Ne4 d5 14.Nxf6+ Nxf6 15.c5 Nh5
16.Re1 Bf6 17.Bf1 e5 18.dxe5 Bxe5 19.g3 g6 20.f4 Bf6 21.Bd2 Rbe8 22.Qc2 Ng7
23.b4 Rxe1 24.Rxe1 Re8 25.Rxe8+ Nxe8 26.h4 Ng7 27.Bh3 Qe7 28.Qd3 Bb2 29.Be3 f5
30.Qb3 Bf6 31.Bg2 a6 32.Qd3 Kf7 33.Kf1 Ne6 34.h5 Bg7 35.hxg6+ hxg6 36.Bf3 Qf6
37.Kg2 Qc3 38.Qd2 a5 39.bxa5 Qxd2 40.Bxd2 Nxc5 41.Kf1 Ne4 42.Be1 c5 43.g4 Ke6
44.gxf5+ gxf5 45.Bd1 c4 46.Bb4 d4 47.Ba4 d3 48.Bb5 Kd5 49.a6 bxa6 50.Bxa6 Nc3
51.Bb7+ Kd4 52.Ke1 Nxa2 53.Bd2 Kc5 54.Bc8 Bc3 55.Bxc3 Nxc3 56.Bxf5 Kd4 57.Be6 Ne4
58.f3 Nc5 59.f5 c3 60.Kd1 Ke3 61.Bc4 c2+ 62.Kc1 Kd4  0-1

[Event "Bonn GSK-3"]
[Site "Bonn"]
[Date "1996.??.??"]
[Round "?"]
[White "Kengis, Edvins"]
[Black "Gurevich, Mikhail"]
[Result "1/2-1/2"]
[WhiteElo "2560"]
[BlackElo "2605"]

1.e4 d6 2.d4 Nf6 3.Nc3 g6 4.Nf3 Bg7 5.Be2 O-O 6.O-O Bg4 7.Be3 Nc6 8.d5 Bxf3
9.Bxf3 Ne5 10.Be2 c6 11.a4 Qa5 12.Ra3 Ned7 13.Bd2 Rfc8 14.dxc6 bxc6 15.Nd5 Qd8
16.Nxf6+ Nxf6 17.Bf3 Rab8 18.b4 d5 19.Rd3 e6 20.c4 Nd7 21.cxd5 cxd5 22.exd5 Ne5
23.Rb3 exd5 24.Bf4 Rc4 25.Bxe5 Bxe5 26.Qxd5 Qxd5 27.Bxd5 Rd4 28.Bc6 Rbxb4
29.Rxb4 Rxb4 30.Re1 Rb2 31.Kf1 Bd4 32.Re2  1/2-1/2

[Event "Bonn GSK-3"]
[Site "Bonn"]
[Date "1996.??.??"]
[Round "?"]
[White "Zagorskis, Darius"]
[Black "Gurevich, Mikhail"]
[Result "0-1"]
[WhiteElo "2520"]
[BlackElo "2605"]

1.d4 d5 2.c4 c6 3.Nf3 Nf6 4.cxd5 cxd5 5.Nc3 Nc6 6.Bf4 a6 7.Ne5 e6 8.e3 Nxe5
9.Bxe5 Be7 10.Bd3 Bd7 11.O-O O-O 12.Qb3 Bc6 13.Rfc1 Ng4 14.Bg3 Bh4 15.Be2 Bxg3
16.hxg3 Nf6 17.Qd1 Qd6 18.Rc2 g6 19.Rac1 Kg7 20.Nb1 Rfc8 21.Nd2 Ba4 22.b3 Rxc2
23.Rxc2 Be8 24.Qc1 a5 25.a3 Bd7 26.Nf3 Qb6 27.Qb2 Rc8 28.Rxc8 Bxc8 29.Qc3 Bd7
30.Ne5 Ne4 31.Qc2 Be8 32.Bd3 Nd6 33.Qc3 Qd8 34.a4 b6 35.Kf1 f6 36.Nf3 Kf8
37.Ke1 Ke7 38.Nd2 Kf7 39.Nf3 Kg7 40.Nd2 g5 41.g4 h6 42.Ba6 Kf8 43.Bd3 Ke7
44.Kf1 Bd7 45.Ke1 Qc8 46.Nb1 Qb8 47.g3 Ne8 48.Be2 Nd6 49.Bd3 Qc8 50.Qxc8 Bxc8
51.Nc3 Bb7 52.Be2 e5 53.Bd3 Ne8 54.f4 Ng7 55.f5 Ne8 56.Kf2 Nc7 57.Be2 Kd7
58.Bd3 Ke7 59.Be2 Bc6 60.Bd3 Ba8 61.Be2 Bb7 62.Bd3 Ne8 63.Be2 Nd6 64.Bf3 e4
65.Be2 h5 66.gxh5 Nxf5 67.g4 Nh6 68.Kg3 Nf7 69.Bf1 Nd6 70.Be2 Kf8 71.Bf1 Nf7
72.Bb5 Ke7 73.Be2 Nh6 74.Bd1 Kf8 75.Be2 Kg7 76.Bd1 f5 77.Be2 fxg4 78.Bxg4 Ng8
79.Be6 Nf6 80.Kh3 Bc6 81.Bg4 Kh6 82.Kg3 Nxh5+ 83.Bxh5 Kxh5 84.Kh3 Kh6 85.Kg4 Kg6
86.Kg3 Kf5 87.Kh3 Kf6 88.Kg3 Ba8 89.Kg4 Bb7 90.Kg3 Bc6 91.Kg4 Bd7+ 92.Kg3 Be6
93.Nb5 Ke7 94.Nc3 Kd6 95.Nb5+ Kd7 96.Nc3 Kc6 97.Nb5 Bd7 98.Nc3 Kd6 99.Kh2 Kc6
100.Kg3 Bc8 101.Na2 Ba6 102.b4 Bc4 103.b5+ Bxb5 104.axb5+ Kxb5 105.Nc3+ Kc6  0-1

[Event "Bonn GSK-3"]
[Site "Bonn"]
[Date "1996.??.??"]
[Round "?"]
[White "Ruzele, Darius"]
[Black "Gurevich, Mikhail"]
[Result "1/2-1/2"]
[WhiteElo "2520"]
[BlackElo "2605"]

1.d4 Nf6 2.c4 e6 3.Nc3 Bb4 4.Qc2 c5 5.dxc5 Bxc5 6.Nf3 Qb6 7.e3 Qc7 8.b3 a6
9.Bb2 b6 10.Bd3 Be7 11.Ne4 Bb7 12.O-O d6 13.Nxf6+ Bxf6 14.Nd2 Nd7 15.Rac1 Bxb2
16.Qxb2 Nf6 17.Be2 O-O 18.Bf3 Rac8 19.h3 Qb8 20.Qd4 Bxf3 21.Nxf3 Rc6 22.e4 Rfc8
23.e5 Nd7 24.exd6 Rxd6 25.Qe3 Nc5 26.Rfd1 a5 27.Rd4 Rxd4 28.Nxd4 Qb7 29.Rd1 Rd8
30.Rd2 h6 31.Nb5 Rd7 32.Rd4 Kf8 33.Qe5 Rxd4 34.Qxd4 Qd7 35.Qe5 Qd8 36.Nd4 Nd3
37.Qe3 Kg8 38.Qxd3 e5 39.Kf1 exd4 40.Qe4 d3 41.Ke1 d2+ 42.Kd1 Qf6 43.Qe8+ Kh7
44.Qe3 Qa1+ 45.Kxd2 Qxa2+ 46.Kc3 Qa1+ 47.Kc2 a4 48.bxa4 Qxa4+ 49.Kc3 Qa3+
50.Kd4 Qd6+ 51.Kc3 g6 52.Qd4 Qa3+ 53.Kd2 Qa5+ 54.Ke3 h5 55.h4 Qe1+ 56.Kf3 Qe6  1/2-1/2

[Event "NLD-chT Breda playoff"]
[Site "Breda"]
[Date "1996.??.??"]
[Round "?"]
[White "Gurevich, Mikhail"]
[Black "Nijboer, Friso"]
[Result "1-0"]
[WhiteElo "2590"]
[BlackElo "2475"]

1.c4 Nf6 2.Nc3 g6 3.g3 Bg7 4.Bg2 O-O 5.d3 d6 6.Bg5 h6 7.Bd2 c6 8.e4 Nbd7
9.Nge2 e5 10.h3 a6 11.O-O b5 12.Be3 Rb8 13.cxb5 axb5 14.b4 Bb7 15.a4 bxa4
16.Rxa4 d5 17.Ba7 Ra8 18.Ra5 d4 19.Na4 Ne8 20.Qd2 Nd6 21.Nc5 Nxc5 22.Bxc5 Re8
23.f4 Nb5 24.Qa2 Qd7 25.Kh2 Qe6 26.Qd2 exf4 27.Nxf4 Qb3 28.Qf2 Rxa5 29.bxa5 Bc8
30.a6 Re5 31.a7 Nxa7 32.Bxa7 Ra5 33.Bxd4 Ra2 34.Qe3 g5 35.Nh5 Qe6 36.Rf2  1-0

[Event "Cappelle op"]
[Site "Cappelle la Grande "]
[Date "1996.??.??"]
[Round "?"]
[White "Arbakov, Valentin"]
[Black "Gurevich, Mikhail"]
[Result "0-1"]
[WhiteElo "2455"]
[BlackElo "2590"]

1.Nf3 d5 2.d4 Nf6 3.c4 c6 4.Nc3 e6 5.Bg5 h6 6.Bxf6 Qxf6 7.e3 Nd7 8.a3 g6
9.e4 dxe4 10.Nxe4 Qf4 11.Bd3 c5 12.d5 exd5 13.Nc3 Nf6 14.O-O Bd6 15.h3 h5
16.cxd5 Bg4 17.Re1+ Kf8 18.Re3 Bxf3 19.Qxf3 Qh2+ 20.Kf1 Kg7 21.Rae1 Rhe8
22.Rxe8 Rxe8 23.Rxe8 Nxe8 24.Ke1 Be5 25.Nd1 Bd4 26.Kd2 Qe5 27.b3 Nd6 28.a4 a6
29.a5 Qg5+ 30.Kc2 Bf6 31.g3 Qe5 32.Qf4 Qxd5 33.Ne3 Qe6 34.g4 hxg4 35.Nxg4 Bd4
36.h4 Qe1 37.Qh6+ Kg8 38.Bxg6 Qc3+ 39.Kd1 Qxb3+ 40.Ke2 Qe6+  0-1

[Event "Eupen op"]
[Site "Eupen"]
[Date "1996.??.??"]
[Round "?"]
[White "Giagoulis, D."]
[Black "Gurevich, Mikhail"]
[Result "0-1"]
[WhiteElo "1870"]
[BlackElo "2590"]

1.d4 f5 2.c4 Nf6 3.Nf3 e6 4.Nc3 g6 5.e3 Bg7 6.Bd3 O-O 7.O-O Nc6 8.d5 Nb4
9.Bb1 e5 10.a3 Na6 11.e4 Nc5 12.Bg5 Qe8 13.exf5 gxf5 14.Re1 Qh5 15.Bxf6 Bxf6
16.Bc2 Rf7 17.Kh1 Rg7 18.b4 e4 19.Nd4 Qg6 20.Rg1 Nd3 21.Bxd3 Bxd4  0-1

[Event "Eupen op"]
[Site "Eupen"]
[Date "1996.??.??"]
[Round "?"]
[White "Kupreichik, Viktor D"]
[Black "Gurevich, Mikhail"]
[Result "1-0"]
[WhiteElo "2485"]
[BlackElo "2590"]

1.e4 d6 2.d4 Nf6 3.Nc3 g6 4.Be3 c6 5.Qd2 Nbd7 6.Nf3 Bg7 7.Bh6 Bxh6 8.Qxh6 Qa5
9.Bd3 c5 10.O-O cxd4 11.Nxd4 Qb6 12.Nf3 a6 13.Rab1 Qc5 14.a4 Ne5 15.Nxe5 dxe5
16.Nd5 Nxd5 17.Qg7 Rf8 18.Qxe5 Be6 19.Rfe1 Rd8 20.exd5 Bxd5 21.c4 f6 22.Qe2 Bc6
23.b4 Qe5 24.b5 Qxe2 25.Bxe2 Be4 26.Rb2 axb5 27.f3 Bf5 28.cxb5 Rd4 29.a5 Kd7
30.g4 Be6 31.a6 Bd5 32.Ra1 Rb8 33.Kf2 e5 34.b6 bxa6 35.Rxa6 Rb7 36.Ra7 Bc6
37.Ke1 Kd8  1-0

[Event "BL2-W9596"]
[Site "Germany"]
[Date "1996.??.??"]
[Round "?"]
[White "Van Wely, Loek"]
[Black "Gurevich, Mikhail"]
[Result "1/2-1/2"]
[WhiteElo "2570"]
[BlackElo "2590"]

1.d4 d5 2.c4 c6 3.Nf3 Nf6 4.Nc3 e6 5.Bg5 h6 6.Bxf6 Qxf6 7.e3 Nd7 8.a3 g6
9.cxd5 exd5 10.b4 Bd6 11.Bd3 Qe7 12.O-O Nf6 13.b5 c5 14.dxc5 Bxc5 15.Qb3 Be6
16.Nd4 O-O 17.Nxe6 Qxe6 18.Ne2 Rac8 19.Nf4 Qe5 20.Be2 Bd6 21.g3 Rc3 22.Qa4 d4
23.Nd3 Qe4 24.Qxd4 Qxd4 25.exd4 Re8 26.Rfc1 Rxc1+ 27.Nxc1 Re4 28.a4 Rxd4
29.Nb3 Rb4 30.Na5 b6 31.Nc6 Rb2 32.Bc4 Rc2 33.Bb3 Rb2 34.Bc4 Rc2 35.Bb3 Rc3
36.Bd1 Bc5 37.Kg2 Rd3 38.Bf3 Rd2 39.Rf1 Ra2 40.Nxa7 Rxa4 41.Nc6 Ra2 42.Ne5 Kg7
43.Bc6 Rd2 44.Nf3 Re2 45.Ng1 Rb2 46.h3 Ng8 47.Nf3 Ne7 48.Ne5 Nf5 49.Nd3 Rd2
50.Nxc5 Ne3+ 51.Kf3 Nxf1 52.Nd7 Rb2 53.Nxb6 Nd2+ 54.Ke3 Nb3 55.Nc4 Rb1 56.b6 Kf6
57.Kd3 Nc5+ 58.Kd4 Na6 59.Bf3 Ke6 60.h4 Rf1 61.Bd5+ Ke7 62.Ke3 Rd1 63.Bf3 Rc1
64.Ne5 Ke6 65.Nd3 Ra1 66.Bc6 Kd6 67.Be8 Rb1 68.Bxf7 g5 69.hxg5 hxg5 70.f4 gxf4+  1/2-1/2

[Event "NLD-chT9697"]
[Site "Holland"]
[Date "1996.??.??"]
[Round "?"]
[White "Van Blitterswijk, Stefan"]
[Black "Gurevich, Mikhail"]
[Result "0-1"]
[WhiteElo "2310"]
[BlackElo "2590"]

1.e4 e6 2.d4 d5 3.Nc3 Nf6 4.e5 Nfd7 5.f4 c5 6.Nf3 Nc6 7.Be3 a6 8.Qd2 b5 9.Be2 Be7
10.O-O O-O 11.Kh1 Bb7 12.Rae1 b4 13.Nd1 Qb6 14.f5 exf5 15.dxc5 Bxc5 16.Bxc5 Nxc5
17.Qg5 f6 18.exf6 Rxf6 19.Ne3 Ne7 20.Bd3 Ne4 21.Bxe4 dxe4 22.Nh4 h6 23.Qh5 Raf8
24.Nhxf5 Nxf5 25.Nxf5 Qc5  0-1

[Event "NLD-chT9697"]
[Site "Holland"]
[Date "1996.??.??"]
[Round "?"]
[White "Gurevich, Mikhail"]
[Black "Oei, Hway Ik"]
[Result "1-0"]
[WhiteElo "2590"]
[BlackElo "2205"]

1.d4 Nf6 2.c4 e6 3.Nc3 d5 4.Bg5 Be7 5.e3 O-O 6.Nf3 h6 7.Bh4 b6 8.Bd3 Bb7
9.O-O Nbd7 10.Rc1 c5 11.Qe2 cxd4 12.exd4 dxc4 13.Bxc4 Nh5 14.Bxe7 Qxe7 15.d5 Nf4
16.Qe3 e5 17.Rfe1 Ng6 18.Bb5 f6 19.Bc6 Rab8 20.Nb5 a6 21.Nbd4 f5 22.Ne6 Rf6
23.Bxb7 Rxb7 24.Rc8+ Ngf8 25.Nxe5 Kh7 26.Nxd7 Rxd7 27.Ng5+ hxg5 28.Qxe7 Rxe7
29.Rxe7 Ng6 30.Re6 Rf7 31.g3 Rd7 32.d6 a5 33.a4 g4 34.Rc7 Rd8 35.d7 Nf8 36.Rxb6 Rxd7
37.Rxd7 Nxd7 38.Rb5 Kg6 39.Rxa5  1-0

[Event "Jakarta Gunadarma"]
[Site "Jakarta"]
[Date "1996.??.??"]
[Round "3"]
[White "Gurevich, Mikhail"]
[Black "Gunawan, Ruben"]
[Result "1/2-1/2"]
[WhiteElo "2605"]
[BlackElo "2425"]

1.c4 e6 2.d4 Nf6 3.Nf3 Bb4+ 4.Nbd2 d5 5.Qa4+ Nc6 6.a3 Be7 7.e3 O-O 8.Qc2 Nb8
9.Bd3 b6 10.e4 dxe4 11.Nxe4 Nbd7 12.Be3 Bb7 13.Nxf6+ Nxf6 14.O-O-O Qc8 15.Ne5 c5
16.dxc5 Bxc5 17.Bg5 Qc7 18.Bxf6 gxf6 19.Nd7 Qf4+ 20.Qd2 Qxd2+ 21.Rxd2 Rfd8
22.Nxf6+ Kg7 23.Ng4 Bxg2 24.Rg1 Bb7 25.Rg3 h5 26.Ne3+ Kf6 27.Rh3 Rh8 28.Be2 Ke7
29.Bf3 Bxe3 30.fxe3 Bxf3 31.Rxf3 Rac8 32.Rd4 Rhg8 33.Rh3 Rg4 34.b3 b5 35.Rxh5 Rxd4
36.exd4 bxc4 37.Rc5 Rb8 38.b4 Kd6 39.Rxc4 Rh8 40.Rc5 Rxh2 41.Ra5 f5 42.Rxa7 Rh4
43.Kc2 Rxd4 44.Kc3 e5 45.a4 Rd1 46.Ra8 Ke7 47.Ra5  1/2-1/2

[Event "Neuchatel op"]
[Site "Neuchatel"]
[Date "1996.??.??"]
[Round "2"]
[White "Gurevich, Mikhail"]
[Black "Vianin, Pascal"]
[Result "1-0"]
[WhiteElo "2590"]
[BlackElo "2190"]

1.d4 f5 2.Bg5 Nf6 3.Bxf6 exf6 4.e3 d5 5.c4 c6 6.Nc3 Be6 7.c5 Nd7 8.Bd3 g6
9.b4 Kf7 10.Nge2 h5 11.Nf4 h4 12.Qf3 Bg7 13.O-O Nf8 14.b5 Nh7 15.Rab1 Ng5
16.Qe2 Re8 17.bxc6 bxc6 18.Ba6 Qa5 19.Rb7+ Kg8 20.Rb3 Bf7 21.Qd3 Ne4 22.Bb7 Rab8
23.Rc1 g5 24.Bxc6 Rxb3 25.axb3 gxf4 26.Bxe8 Bxe8 27.Nxd5 fxe3 28.Nxe3 Qa2
29.Qc2 Qxc2 30.Rxc2 f4 31.Nf5 Bd7 32.Nxg7 Kxg7 33.f3 Ng5 34.d5 Kf8 35.Ra2  1-0